Normal view
MARC view
- Díaz, Porfirio,
Entry Nombre Personal
001 - NUMERO DE CONTROL
- campo de control: 11887
003 - IDENTIFICADOR DE NUMERO DE CONTROL
- campo de control: UPN
005 - FECHA Y HORA DE LA ÜLTIMA TRANSACCIÓN
- campo de control: 20221129110030.0
008 - DATOS DE LONGITUD FIJA
- campo de control de longitud fija: 220906n||acnnnaabn | aaa |d
035 ## - NUMERO DE CONTROL
- Número de control: UPN10000011894
040 ## - FUENTE DE CATALOGACIÓN
- Agencia original de catalogación: UPN
- Lenguaje de catalogación: spa
- Agencia de transcripción: UPN
100 1# - ENCABEZAMIENTO - NOMBRE PERSONAL
- Nombre personal: Díaz, Porfirio,
- Fechas asociadas con el nombre: 1830-1915
670 ## - FUENTE EN LA QUE SE LOCALIZARON DATOS
- Cita de la fuente: T
- Información localizada: Diccionario Porrúa de historia, biografía y geografía de México
902 ## - CATALOGADOR
- Catalogador: LG/120394
